| Tag |
First Indicator |
Second Indicator |
Subfields |
| LEADER |
00000cam a2200000 4500 |
| 001 |
in00000047881 |
| 005 |
20151007075600.0 |
| 008 |
790921s1958 enka b 00000 eng |
| 010 |
|
|
|a 60002462
|
| 035 |
|
|
|a (OCoLC)05397656
|
| 035 |
|
|
|9 AAF3472AM
|
| 040 |
|
|
|a DLC
|c ZYU
|d TXA
|d UtOrBLW
|
| 049 |
|
|
|a TXAM
|c [406318]
|
| 050 |
0 |
0 |
|a QR111
|b .B85
|
| 092 |
|
|
|a 630.276
|b B955m, 1958
|
| 100 |
1 |
|
|a Burges, Alan,
|d 1911-
|
| 245 |
1 |
0 |
|a Micro-organisms in the soil.
|
| 264 |
|
1 |
|a London :
|b Hutchinson University Library,
|c [1958]
|
| 300 |
|
|
|a 188 pages :
|b illustrations ;
|c 19 cm.
|
| 336 |
|
|
|a text
|b txt
|2 rdacontent
|
| 337 |
|
|
|a unmediated
|b n
|2 rdamedia
|
| 338 |
|
|
|a volume
|b nc
|2 rdacarrier
|
| 490 |
0 |
|
|a [Hutchinson university library] : Biological sciences
|
| 504 |
|
|
|a Includes bibliography.
|
| 650 |
|
0 |
|a Soil microbiology.
|
| 999 |
|
|
|a MARS
|
| 999 |
f |
f |
|s 8ebe2131-18e4-302a-abab-a1a59f499924
|i c5cf308b-f7e6-3891-bc73-94cd27aa3bc3
|t 0
|
| 952 |
f |
f |
|p ric
|a Texas A&M University
|b Rellis Campus
|c Joint Library Facility
|d Remote Storage
|t 0
|e QR111 .B85
|h Library of Congress classification
|i unmediated -- volume
|m A14801054520
|
| 998 |
f |
f |
|a QR111 .B85
|t 0
|l Remote Storage
|